000 00289nam a2200121Ia 4500
008 190216s9999||||xx |||||||||||||| ||und||
100 _aGeorge Eliot
245 0 _aSilas Marner
260 _bUniversity Of Calicut
_c1992
300 _a140p
650 _aEnglish Short Stories
942 _cBK
999 _c13620
_d13620